Композиционные материалы в атомной промышленности: углеродное и базальтовое волокно; Современные техника и технологии; Т. 2

Detalles Bibliográficos
Parent link:Современные техника и технологии: сборник трудов XVIII международной научно-практической конференции студентов, аспирантов и молодых ученых, Томск, 9-13 апреля 2012 г/ Национальный исследовательский Томский политехнический университет (ТПУ).— , 2012
Т. 2.— 2012.— [С. 177-178]
Autor principal: Кобзев К. О.
Otros Autores: Баранникова О. О. (научный руководитель)
Sumario:Заглавие с титульного листа
Lenguaje:ruso
Publicado: 2012
Colección:Секция 6: Материаловедение
Materias:
Acceso en línea:http://www.lib.tpu.ru/fulltext/v/Conferences/2012/C2/V2/v2_086.pdf
Formato: Electrónico Capítulo de libro
KOHA link:https://koha.lib.tpu.ru/cgi-bin/koha/opac-detail.pl?biblionumber=223587

MARC

LEADER 00000nla2a2200000 4500
001 223587
005 20231031200233.0
035 |a (RuTPU)RU\TPU\book\243847 
035 |a RU\TPU\book\243365 
090 |a 223587 
100 |a 20121012d2012 k y0rusy50 ca 
101 0 |a rus 
102 |a RU 
105 |a y z 101zy 
135 |a drcn ---uucaa 
181 0 |a i  
182 0 |a b 
200 1 |a Композиционные материалы в атомной промышленности: углеродное и базальтовое волокно  |b Электронный ресурс  |f К. О. Кобзев, О. О. Баранникова  |g науч. рук. О. О. Баранникова 
203 |a Текст  |c электронный 
215 |a 1 файл (742 Kb) 
225 1 |a Секция 6: Материаловедение 
230 |a Электронные текстовые данные (1 файл : 742 Kb) 
300 |a Заглавие с титульного листа 
320 |a [Библиогр.: с. 178 (3 назв.)] 
337 |a Adobe Reader 
461 1 |0 (RuTPU)RU\TPU\book\240890  |t Современные техника и технологии  |o сборник трудов XVIII международной научно-практической конференции студентов, аспирантов и молодых ученых, Томск, 9-13 апреля 2012 г  |o в 3 т.  |f Национальный исследовательский Томский политехнический университет (ТПУ)  |d 2012 
463 1 |0 (RuTPU)RU\TPU\book\242828  |t Т. 2  |v [С. 177-178]  |d 2012  |p 473 с. 
610 1 |a электронный ресурс 
610 1 |a композиционные материалы 
610 1 |a атомная промышленность 
610 1 |a углеродные волокна 
610 1 |a базальтовые волокна 
610 1 |a ветровая энергия 
700 1 |a Кобзев  |b К. О. 
701 1 |a Баранникова  |b О. О. 
702 1 |a Баранникова  |b О. О.  |4 727 
801 2 |a RU  |b 63413507  |c 20130923  |g RCR 
856 4 |u http://www.lib.tpu.ru/fulltext/v/Conferences/2012/C2/V2/v2_086.pdf 
942 |c CF